Introducción al teatro griego /

La presente INTRODUCCIÓN AL TEATRO GRIEGO no se limita a reseñar los principales autores y obras de la tragedia y comedia atenienses de los siglos v-iv a.C. desde Esquilo a Menandro, sino que incide asimismo en aspectos y enfoques nuevos sobre el teatro antiguo, como las relaciones entre ritual y dr...

Full description

Bibliographic Details
Main Author: Guzmán Guerra, Antonio
Format: Libro
Language:Spanish
Published: Madrid Alianza 2005
Series:Literatura 5995
Subjects:
Online Access:

MARC

LEADER 00000cam a2200000 a 4500
001 021719
003 UAHC_CL
005 20170803122025.0
008 080730s2005 sp 000 spa
020 |a 8420659185 
040 |a UAHC_CL  |c UAHC_CL  |d UAHC_CL 
082 0 4 |a 882  |b G993  |2 20 
100 1 |a Guzmán Guerra, Antonio 
245 1 0 |a Introducción al teatro griego /  |c Antonio Guzmán Guerra. 
260 |b Alianza  |a Madrid  |c 2005 
300 |a 189 p. 
490 0 |a Literatura  |v 5995 
520 |a La presente INTRODUCCIÓN AL TEATRO GRIEGO no se limita a reseñar los principales autores y obras de la tragedia y comedia atenienses de los siglos v-iv a.C. desde Esquilo a Menandro, sino que incide asimismo en aspectos y enfoques nuevos sobre el teatro antiguo, como las relaciones entre ritual y drama, el edificio como espacio escénico o las imbricaciones, a veces veladas, entre drama y política. Por otro lado, ANTONIO GUZMÁN GUERRA trata también en este volumen de la representación del teatro clásico en el mundo moderno tanto desde el punto de vista escenográfico, como desde la perspectiva anclada en el convencimiento de que los textos y las representaciones antiguas pueden sin duda verse enriquecidas con nuevas lecturas hechas a partir de la sensibilidad de hoy. 
650 4 |a DRAMA GRIEGO  |x HISTORIA Y CRITICA 
653 |a PEDAGOGIA EN LENGUA CASTELLANA Y COMUNICACION 
900 |a 882 GUZ 
942 |c BK 
952 |0 0  |1 0  |4 0  |6 882_000000000000000_GUZ  |7 0  |8 General  |9 43011  |a BS  |b BS  |c General  |d 2017-08-03  |l 0  |o 882 GUZ  |p 1364776  |r 2025-11-26 00:00:00  |t 1  |w 2017-08-03  |y BK 
999 |c 21719  |d 21719